Mathematics by experiment : plausible reasoning in the 21st century /

Guardado en:
Autor Principal: Borwein, Jonathan M.
Otros Autores: Bailey, David H.
Formato: Libro
Idioma:English
Publicado: Natick, Mass. : AK Peters, c2004.
Materias:
Acceso en línea:Sitio web del libro
Google Book Search
Etiquetas: Agregar Etiqueta
Sin Etiquetas, Sea el primero en etiquetar este registro!
LEADER 00941cam a22002534a 4500
001 MAT.inmabb003911
008 030827s2004####maua#####b####001#0#eng##
005 20160623115355.0
245 1 0 |a Mathematics by experiment :  |b plausible reasoning in the 21st century /  |c Jonathan Borwein, David Bailey. 
260 |a Natick, Mass. :  |b AK Peters,  |c c2004. 
300 |a x, 288 p. :  |b il. ;  |c 24 cm. 
504 |a Incluye referencias bibliográficas (p. 267-280) e índice. 
510 4 |a MR,  |c 2005b:00012 
020 |a 1568812116 
100 1 |a Borwein, Jonathan M. 
700 1 |a Bailey, David H. 
650 0 |a Mathematics  |x Data processing. 
650 0 |a Mathematics  |x Experiments. 
084 |a 00A35  |2 MR 
010 |a  2003062334 
040 |a DLC  |c DLC  |d DLC 
856 4 2 |u http://crd.lbl.gov/%7Edhbailey/expmath/  |y Sitio web del libro 
856 4 1 |u http://books.google.com/books?isbn=1568812116  |y Google Book Search 
859 |h 11  |i B739m  |p A-8335  |b BIB. MATEMATICA